Estadísticas para Banderas con la Bandera de la Unión

Haz click aquí para intentar la prueba.

Estadísticas generales

  • Esta prueba ha sido intentada 4.048 veces
  • La puntuación promedio es 5 de 5

Estadísticas de respuestas

Respuesta% Correcto
Australia
99%
Reino Unido
99%
Nueva Zelanda
97%
Fiyi
84%
Tuvalu
74%

Distribución de puntuación

Porcentaje por número respondido

Porcentaje de gente con cada puntuación

Historial de tus puntuaciones

No has intentado esta prueba.